Fight for life / (Record no. 2138)

MARC details
000 -LEADER
fixed length control field 00993cam a2200301 a 4500
005 - DATE AND TIME OF LATEST TRANSACTION
control field 20231108074251.0
020 ## - INTERNATIONAL STANDARD BOOK NUMBER
International Standard Book Number 9780142408629
020 ## - INTERNATIONAL STANDARD BOOK NUMBER
International Standard Book Number 9780545044646
040 ## - CATALOGING SOURCE
Original cataloging agency DLC
Transcribing agency DLC
Modifying agency DLC
Language of cataloging eng
050 00 - LIBRARY OF CONGRESS CALL NUMBER
Classification number PZ7.A54385
Item number Fi 2007
082 00 - DEWEY DECIMAL CLASSIFICATION NUMBER
Classification number 813.6
Edition number 22
100 1# - MAIN ENTRY--PERSONAL NAME
Personal name Anderson, Laurie Halse
245 10 - TITLE STATEMENT
Title Fight for life /
Statement of responsibility, etc. Laurie Halse Anderson
250 ## - EDITION STATEMENT
Edition statement This edition first printing, January 2008
260 ## - PUBLICATION, DISTRIBUTION, ETC.
Place of publication, distribution, etc. New York :
Name of publisher, distributor, etc. Scholastic,
Date of publication, distribution, etc. 2007
300 ## - PHYSICAL DESCRIPTION
Extent 135 pages :
Dimensions 20 cm
490 0# - SERIES STATEMENT
Series statement Vet volunteers ;
Volume/sequential designation 1
505 ## - FORMATTED CONTENTS NOTE
Formatted contents note K
520 ## - SUMMARY, ETC.
Summary, etc. With the help of her veterinarian grandmother and the other volunteers at the Wild at Heart Animal Clinic, eleven-year-old Maggie rescues sick puppies from an illegal puppy mill.
521 1# - TARGET AUDIENCE NOTE
Target audience note 510
Source Lexile
521 1# - TARGET AUDIENCE NOTE
Target audience note K
Source Raz-Plus
650 #1 - SUBJECT ADDED ENTRY--TOPICAL TERM
Topical term or geographic name entry element Dogs
Form subdivision Fiction.
650 #1 - SUBJECT ADDED ENTRY--TOPICAL TERM
Topical term or geographic name entry element Veterinarians
Form subdivision Fiction.
650 #1 - SUBJECT ADDED ENTRY--TOPICAL TERM
Topical term or geographic name entry element Animal rescue
Form subdivision Fiction.
906 ## - LOCAL DATA ELEMENT F, LDF (RLIN)
a 7
b cbc
c orignew
d 1
e ecip
f 20
g y-gencatlg
942 ## - ADDED ENTRY ELEMENTS (KOHA)
Source of classification or shelving scheme Dewey Decimal Classification
Koha item type Books
Suppress in OPAC No
999 ## -
-- 2138
-- 2138
Holdings
Withdrawn status Lost status Source of classification or shelving scheme Damaged status Not for loan Collection Home library Current library Shelving location Date acquired Total Checkouts Full call number Barcode Date last seen Price effective from Koha item type
    Dewey Decimal Classification     Juvenile Fiction Footprints International School Library Network Toul Kork Campus Footprints International School Library Network Toul Kork Campus TK Primary Library Room(4th Floor), Bookcase 3&4, Shelves 17-32, Yellow Books 11/07/2023   AND 813.6 PZ7.A54385 FISTK00602 11/07/2023 11/07/2023 Books